| 000 | 01726nmc a2200625 a 4500 | ||
|---|---|---|---|
| 003 | AR-BaBNM | ||
| 005 | 20251128204945.0 | ||
| 008 | 011101s1994 ||||||||||||||000 | spa|| | ||
| 020 | _a950-03-8344-6 | ||
| 040 | _cAR-BaBNM | ||
| 100 | 1 | _aLuzuriaga, Lorenzo | |
| 245 | 1 | 0 | _aHistoria de la educación y la pedagogía |
| 250 | _a22ª ed. | ||
| 260 |
_aBuenos Aires _bLosada _c1994 |
||
| 300 | 0 | _a282 p. | |
| 490 | 0 | _aBiblioteca pedagógica | |
| 600 | 0 | 4 | _aSócrates |
| 600 | 0 | 4 | _aPlatón |
| 600 | 0 | 4 | _aIsócrates |
| 600 | 0 | 4 | _aAristóteles |
| 600 | 1 | 4 | _aRatke, Wolfgang |
| 600 | 1 | 4 |
_aComenius, Johann Amos _d1592-1670 |
| 600 | 1 | 4 | _aLocke, John |
| 600 | 1 | 4 |
_aCondillac, Etienne Bonnot de _d1714-1780 |
| 600 | 0 | 4 | _aDiderot |
| 600 | 0 | 4 | _aHelvetius |
| 600 | 1 | 4 | _aRousseau, Jean-Jacques |
| 600 | 1 | 4 | _aBasedow, Johan Bernhard |
| 600 | 0 | 4 | _aLa Chatolais |
| 600 | 1 | 4 | _aKant, Immanuel |
| 600 | 1 | 4 | _aPestalozzi, Johann Heinrich |
| 600 | 1 | 4 | _aFichte, Johann Gottlieb |
| 600 | 1 | 4 | _aSchleiermacher, Federico Daniel |
| 600 | 1 | 4 | _aHegel, Georg Wilhelm Friedrich |
| 600 | 1 | 4 | _aGoethe, Johann Wolfgang von |
| 600 | 1 | 4 |
_aFröbel, Friedrich _d1782-1852 |
| 600 | 1 | 4 | _aHerbart, Johann Friedrich |
| 600 | 1 | 4 | _aSpencer, Herbert |
| 650 | 4 | _aHISTORIA CONTEMPORANEA | |
| 650 | 4 | _aHISTORIA DE LA EDUCACION | |
| 650 | 4 | _aPEDAGOGIA | |
| 650 | 4 | _aHISTORIA ANTIGUA | |
| 650 | 4 | _aEDAD MEDIA | |
| 650 | 4 | _aHISTORIA MODERNA | |
| 650 | 4 | _aEDUCACION CRISTIANA | |
| 650 | 4 | _aEDUCACION RELIGIOSA | |
| 650 | 4 | _aEDUCACION COMPARADA | |
| 651 | 4 | _aReino Unido | |
| 651 | 4 | _aFrancia | |
| 651 | 4 | _aEstados Unidos | |
| 651 | 4 | _aAmérica Latina | |
| 651 | 4 | _aAlemania | |
| 942 | _cBK | ||
| 998 | _csilvi | ||
| 999 |
_c9482 _d9482 |
||